| 000 | 00392nam a2200145Ia 4500 | ||
|---|---|---|---|
| 008 | 220204s9999 xx 000 0 und d | ||
| 082 |
_aNR:63:58 _bRRI |
||
| 245 | 0 | _aAbhivridhy: Anubhavangaliloode | |
| 260 |
_aKottayam _bRubber Research Institute of India _c2006 |
||
| 650 | _aBee keeping | ||
| 650 | _aIntercropping | ||
| 650 | _aMedicinal plants | ||
| 650 | _aYoung budding | ||
| 942 | _cBK | ||
| 999 |
_c44253 _d44253 |
||